| 000 | 00869nam a22002537a 4500 | ||
|---|---|---|---|
| 008 | 130720b xxu||||| |||| 00| 0 eng d | ||
| 020 | _a81-297-0220-7 | ||
| 024 | _cAvailable | ||
| 037 | _cAvailable | ||
| 040 |
_aMBSTU LIBRARY _dMBSTU LIBRARY |
||
| 082 |
_222 _a005.7565 DAD |
||
| 110 | _aDavid Martineau, Steve Sanyal, Kevin Gashyna and Michael Kyprianou. | ||
| 245 | _aDB2 Universal database tm v8: application development certification guide. | ||
| 250 | _a2nd | ||
| 260 |
_aDelhi _bPearson Education _c2003 |
||
| 300 |
_a24 cm. _bxxviii, 399 page _f5 _g24 cm. |
||
| 600 | _2Database management systems. | ||
| 650 | _2Database management systems. | ||
| 710 | _aDavid Martineau, Steve Sanyal, Kevin Gashyna and Michael Kyprianou | ||
| 270 |
_aDelhi _bDelhi _dIndia |
||
| 365 |
_b455.00 _d455.00 |
||
| 942 |
_2ddc _cBK |
||
| 999 |
_c577 _d577 |
||